000 00589nam a2200205Ia 4500
005 20250326144446.0
008 250326s9999 xx 000 0 und d
020 _a978-0-8213-7365-1
037 _aTextbook
040 _aFMSL
_beng
_cFMSL
041 _aeng
_2eng
084 _aX.1 P8
_qFMSL
100 _aWorld Bank
245 0 _aGlobal economic prospects : Technology diffusion in the developing world
_cWorld Bank
260 _aWashington
_bWashington, World Bank
_c2008
300 _axvi,201
365 _b1920.52
942 _cTB
_hX.1 P8
999 _c1303767
_d1303767